00730nam a2200241Ia 450000500170000000800460001703700110006304000080007404000080008204000080009004100080009804100080010608400080011410000520012224500840017426000090025830000100026765000150027770000800029294200070037299900210037995200880040020260430150355.0008 250103s9999 xx 000 0 eng d aTheses aCRL beng ceng 2eng aeng qCRL aJain Neetu Au.; Pushkarna Narinder Gu.91237302 0aSome Contributions to Moments of Order Statistics and Their Inferential Aspects c2023 a207p. aStatistics aUniversity of Delhi. Faculty of Mathematical Sciences. Deptt. of Statistics cTH c1849632d1849632 00104070aCRLbCRLd2026-04-30l0pTH0026917r2026-04-30 15:03:55w2026-04-30yTH